Causalidad: El principio de causalidad en la ciencia moderna
A partir de esta obra se retoma el concepto de “causalidad” en el campo de la epistemología, el cual ya había caído en desuso tanto en la filosofía como en la ciencia. El autor parte de interrogantes cotidianas que asumen el principio de causalidad, como ¿quién robó ese libro? En este sentido, su in...
Gespeichert in:
| 1. Verfasser: | |
|---|---|
| Format: | Buch |
| Sprache: | Undetermined |
| Veröffentlicht: |
Buenos Aires, Argentina
Editorial Universitaria
1978
|
| Schlagworte: | |
| Tags: |
Tag hinzufügen
Keine Tags, Fügen Sie den ersten Tag hinzu!
|
MARC
| LEADER | 00000nam a2200000Ia 4500 | ||
|---|---|---|---|
| 008 | 170316s9999 xx 000 0 und d | ||
| 040 | |a cru BVZT | ||
| 090 | |a 100 B-67c | ||
| 100 | |a Bunge, Mario |9 1561 | ||
| 245 | |a Causalidad: El principio de causalidad en la ciencia moderna | ||
| 260 | |a Buenos Aires, Argentina |b Editorial Universitaria |c 1978 | ||
| 300 | |a 403 páginas | ||
| 520 | |a A partir de esta obra se retoma el concepto de “causalidad” en el campo de la epistemología, el cual ya había caído en desuso tanto en la filosofía como en la ciencia. El autor parte de interrogantes cotidianas que asumen el principio de causalidad, como ¿quién robó ese libro? En este sentido, su interés es tanto teórico como práctico y su extensión a todos los campos del saber adjudica su dilucidación a la filosofía. Los temas específicos que se desarrollan son la aclaración semántica del término, lo que afirma y lo que no afirma el determinismo causal y la función del principio de causalidad en la ciencia | ||
| 650 | |a FILOSOFÍA |9 5 | ||
| 999 | |c 15792 |d 15792 | ||
| 942 | |c 15 D |h 100 B-67c |2 z | ||
